000 00613nam a2200193 i 4500
001 51318
003 ES-MaACL
005 20251003185045.0
007 t|
008 030812s1970 sp ||||1| spa d
100 1 _aDaeniken, Erich von.
_9182349
245 1 0 _aRecuerdos del futuro
_b: enigmas insondables del pretérito /
_cErich von Dèaniken ; [traducción de Manuel Vázquez].
250 _a[1ª ed.].
260 _a[Barcelona] :
_bPlaza & Janés,
_c[1970]
300 _a245 p. ;
_c22 cm.
700 1 _aVázquez Tomás, Manuel
_9113375
852 _aES-MaACL
_jC-45234
_bR.72625
999 _c51318
_d51318